[Event "Championnat de Belgique \"Experts\" 2018"]
[Site "Roux, Belgium"]
[Date "2018.08.03"]
[Round "8.1"]
[White "Hovhannisyan, Mher"]
[Black "Hautot, Stéphane"]
[Result "1-0"]
[WhiteTitle "IM"]
[BlackTitle "IM"]
[WhiteElo "2456"]
[BlackElo "2338"]

1. d4 {[%clk 01:30:52]} {[%emt 00:00:07]} Nf6 {[%clk 01:30:39]} {[%emt
00:00:22]} 2. Nf3 {[%clk 01:30:07]} {[%emt 00:01:14]} e6 {[%clk 01:30:46]}
{[%emt 00:00:23]} 3. c4 {[%clk 01:29:51]} {[%emt 00:00:45]} b6 {[%clk
01:27:47]} {[%emt 00:03:31]} 4. g3 {[%clk 01:28:43]} {[%emt 00:01:38]} Bb7
{[%clk 01:27:55]} {[%emt 00:00:22]} 5. Bg2 {[%clk 01:29:06]} {[%emt 00:00:07]}
Be7 {[%clk 01:28:08]} {[%emt 00:00:17]} 6. Nc3 {[%clk 01:27:01]} {[%emt
00:02:35]} d5 {[%clk 01:25:04]} {[%emt 00:03:34]} 7. cxd5 {[%clk 01:22:15]}
{[%emt 00:05:16]} exd5 {[%clk 01:25:14]} {[%emt 00:00:19]} 8. Qa4+ {[%clk
01:13:19]} {[%emt 00:09:26]} c6 {[%clk 01:22:33]} {[%emt 00:03:11]} 9. Ne5
{[%clk 01:09:35]} {[%emt 00:04:14]} O-O {[%clk 01:21:36]} {[%emt 00:01:27]} 10.
O-O {[%clk 01:09:29]} {[%emt 00:00:36]} b5 {[%clk 01:14:15]} {[%emt 00:13:05]}
11. Qb3 {[%clk 01:03:15]} {[%emt 00:01:30]} a5 {[%clk 01:05:40]} {[%emt
00:09:06]} 12. Bf4 {[%clk 01:00:30]} {[%emt 00:03:14]} a4 {[%clk 01:04:11]}
{[%emt 00:01:59]} 13. Qc2 {[%clk 01:00:20]} {[%emt 00:00:39]} a3 {[%clk
01:03:32]} {[%emt 00:01:10]} 14. bxa3 {[%clk 00:55:00]} {[%emt 00:05:50]} Rxa3
{[%clk 01:02:54]} {[%emt 00:01:09]} 15. Rfb1 {[%clk 00:51:20]} {[%emt
00:04:09]} Qa5 {[%clk 00:52:02]} {[%emt 00:11:23]} 16. Bd2 {[%clk 00:43:07]}
{[%emt 00:08:43]} b4 {[%clk 00:47:00]} {[%emt 00:05:33]} 17. Nd1 {[%clk
00:42:21]} {[%emt 00:01:15]} Ba6 {[%clk 00:44:33]} {[%emt 00:02:58]} 18. Ne3
{[%clk 00:36:29]} {[%emt 00:06:22]} g6 {[%clk 00:29:12]} {[%emt 00:15:51]} 19.
Bf3 {[%clk 00:33:22]} {[%emt 00:03:37]} Bb5 {[%clk 00:19:15]} {[%emt 00:10:27]}
20. Qb2 {[%clk 00:21:09]} {[%emt 00:12:43]} Na6 {[%clk 00:11:58]} {[%emt
00:07:47]} 21. Nc2 {[%clk 00:21:00]} {[%emt 00:00:39]} Ra4 {[%clk 00:10:24]}
{[%emt 00:02:04]} 22. a3 {[%clk 00:19:00]} {[%emt 00:02:30]} bxa3 {[%clk
00:09:24]} {[%emt 00:01:30]} 23. Nxa3 {[%clk 00:19:06]} {[%emt 00:00:24]} Nb4
{[%clk 00:02:24]} {[%emt 00:07:30]} 24. Nxb5 {[%clk 00:13:33]} {[%emt
00:06:03]} Qxb5 {[%clk 00:01:53]} {[%emt 00:01:01]} 25. Rxa4 {[%clk 00:12:41]}
{[%emt 00:01:22]} Qxa4 {[%clk 00:02:20]} {[%emt 00:00:03]} 26. Bxb4 {[%clk
00:13:01]} {[%emt 00:00:10]} Rb8 {[%clk 00:02:43]} {[%emt 00:00:07]} 27. Nd3
{[%clk 00:12:49]} {[%emt 00:00:42]} 1-0

[Event "Championnat de Belgique \"Experts\" 2018"]
[Site "Roux, Belgium"]
[Date "2018.08.03"]
[Round "8.4"]
[White "Ringoir, Tanguy"]
[Black "Dardha, Daniel"]
[Result "1-0"]
[WhiteTitle "GM"]
[BlackTitle "FM"]
[WhiteElo "2530"]
[BlackElo "2330"]

1. d4 {[%clk 01:30:57]} {[%emt 00:00:02]} Nf6 {[%clk 01:03:28]} {[%emt
00:27:33]} 2. Nf3 {[%clk 01:31:17]} {[%emt 00:00:10]} e6 {[%clk 01:03:52]}
{[%emt 00:00:07]} 3. c4 {[%clk 01:31:38]} {[%emt 00:00:08]} Bb4+ {[%clk
01:04:17]} {[%emt 00:00:05]} 4. Bd2 {[%clk 01:32:03]} {[%emt 00:00:06]} Qe7
{[%clk 01:04:42]} {[%emt 00:00:05]} 5. Nc3 {[%clk 01:30:28]} {[%emt 00:02:05]}
O-O {[%clk 01:04:18]} {[%emt 00:00:54]} 6. Qc2 {[%clk 01:28:43]} {[%emt
00:02:15]} d6 {[%clk 01:00:30]} {[%emt 00:04:18]} 7. a3 {[%clk 01:28:20]}
{[%emt 00:00:54]} Bxc3 {[%clk 01:00:54]} {[%emt 00:00:06]} 8. Bxc3 {[%clk
01:28:45]} {[%emt 00:00:04]} Nbd7 {[%clk 00:59:37]} {[%emt 00:01:47]} 9. b4
{[%clk 01:18:14]} {[%emt 00:12:05]} c5 {[%clk 00:48:22]} {[%emt 00:10:42]} 10.
e3 {[%clk 01:04:49]} {[%emt 00:13:54]} b6 {[%clk 00:45:36]} {[%emt 00:03:16]}
11. Be2 {[%clk 01:05:15]} {[%emt 00:00:05]} Bb7 {[%clk 00:45:14]} {[%emt
00:00:53]} 12. O-O {[%clk 01:05:39]} {[%emt 00:00:05]} Rac8 {[%clk 00:38:46]}
{[%emt 00:06:58]} 13. dxc5 {[%clk 01:03:32]} {[%emt 00:02:37]} dxc5 {[%clk
00:38:26]} {[%emt 00:00:50]} 14. Rfd1 {[%clk 01:03:27]} {[%emt 00:00:34]} Rfd8
{[%clk 00:37:35]} {[%emt 00:01:21]} 15. Nd2 {[%clk 00:59:58]} {[%emt 00:03:59]}
Nb8 {[%clk 00:33:33]} {[%emt 00:04:33]} 16. f3 {[%clk 00:59:38]} {[%emt
00:00:49]} Na6 {[%clk 00:22:13]} {[%emt 00:11:50]} 17. Qb2 {[%clk 00:59:39]}
{[%emt 00:00:29]} Rd7 {[%clk 00:21:19]} {[%emt 00:01:24]} 18. b5 {[%clk
00:59:27]} {[%emt 00:00:42]} Nc7 {[%clk 00:21:42]} {[%emt 00:00:07]} 19. a4
{[%clk 00:59:53]} {[%emt 00:00:05]} Rcd8 {[%clk 00:16:12]} {[%emt 00:06:00]} 20.
a5 {[%clk 01:00:07]} {[%emt 00:00:16]} Nce8 {[%clk 00:14:44]} {[%emt 00:01:58]}
21. Nf1 {[%clk 00:57:43]} {[%emt 00:02:54]} Rxd1 {[%clk 00:13:05]} {[%emt
00:02:09]} 22. Rxd1 {[%clk 00:57:53]} {[%emt 00:00:20]} Rxd1 {[%clk 00:13:25]}
{[%emt 00:00:11]} 23. Bxd1 {[%clk 00:58:21]} {[%emt 00:00:02]} Nd7 {[%clk
00:13:29]} {[%emt 00:00:25]} 24. Be2 {[%clk 00:57:12]} {[%emt 00:01:39]} f6
{[%clk 00:11:34]} {[%emt 00:02:25]} 25. Qa1 {[%clk 00:56:10]} {[%emt 00:01:32]}
Qd6 {[%clk 00:10:24]} {[%emt 00:01:41]} 26. Ng3 {[%clk 00:54:57]} {[%emt
00:01:43]} Kf7 {[%clk 00:09:51]} {[%emt 00:01:02]} 27. Kf2 {[%clk 00:55:00]}
{[%emt 00:00:26]} Qb8 {[%clk 00:09:22]} {[%emt 00:00:59]} 28. Qb1 {[%clk
00:53:37]} {[%emt 00:01:54]} g6 {[%clk 00:08:22]} {[%emt 00:01:30]} 29. h4
{[%clk 00:53:08]} {[%emt 00:00:59]} Nd6 {[%clk 00:06:50]} {[%emt 00:02:01]} 30.
h5 {[%clk 00:52:32]} {[%emt 00:01:05]} Qc7 {[%clk 00:04:21]} {[%emt 00:02:59]}
31. a6 {[%clk 00:51:17]} {[%emt 00:01:46]} Ba8 {[%clk 00:03:31]} {[%emt
00:01:20]} 32. Bd3 {[%clk 00:51:36]} {[%emt 00:00:10]} Nf5 {[%clk 00:03:35]}
{[%emt 00:00:26]} 33. Nxf5 {[%clk 00:48:26]} {[%emt 00:03:40]} exf5 {[%clk
00:03:59]} {[%emt 00:00:07]} 34. Bxf5 {[%clk 00:48:48]} {[%emt 00:00:08]} gxf5
{[%clk 00:03:29]} {[%emt 00:01:00]} 35. Qxf5 {[%clk 00:49:16]} {[%emt
00:00:02]} Nf8 {[%clk 00:03:26]} {[%emt 00:00:33]} 36. Qxf6+ {[%clk 00:49:18]}
{[%emt 00:00:28]} Ke8 {[%clk 00:03:02]} {[%emt 00:00:54]} 37. Qh8 {[%clk
00:49:17]} {[%emt 00:00:30]} Qd6 {[%clk 00:01:08]} {[%emt 00:02:24]} 38. Qg7
{[%clk 00:38:05]} {[%emt 00:11:42]} Qe7 {[%clk 00:00:51]} {[%emt 00:00:46]} 39.
Qg3 {[%clk 00:38:34]} {[%emt 00:00:02]} Qd8 {[%clk 00:00:40]} {[%emt 00:00:41]}
40. h6 {[%clk 00:38:08]} {[%emt 00:00:56]} Ne6 {[%clk 00:00:39]} {[%emt
00:00:30]} 41. Qg8+ {[%clk 00:35:20]} {[%emt 00:03:18]} Nf8 {[%clk 00:29:56]}
{[%emt 00:01:13]} 42. Ke2 {[%clk 01:05:09]} {[%emt 00:00:41]} Qe7 {[%clk
00:27:14]} {[%emt 00:03:13]} 43. Bg7 {[%clk 01:05:03]} {[%emt 00:00:35]} Qf7
{[%clk 00:27:40]} {[%emt 00:00:04]} 44. Qxf7+ {[%clk 01:04:51]} {[%emt
00:00:42]} Kxf7 {[%clk 00:28:05]} {[%emt 00:00:05]} 45. Bxf8 {[%clk 01:05:19]}
{[%emt 00:00:03]} Kxf8 {[%clk 00:28:28]} {[%emt 00:00:07]} 46. e4 {[%clk
01:05:46]} {[%emt 00:00:03]} Kf7 {[%clk 00:28:42]} {[%emt 00:00:16]} 47. Ke3
{[%clk 01:06:11]} {[%emt 00:00:05]} Ke6 {[%clk 00:22:32]} {[%emt 00:06:40]} 48.
Kf4 {[%clk 01:06:33]} {[%emt 00:00:08]} Kf6 {[%clk 00:21:04]} {[%emt 00:01:58]}
49. g4 {[%clk 01:06:59]} {[%emt 00:00:03]} Kf7 {[%clk 00:21:16]} {[%emt
00:00:19]} 50. Kf5 {[%clk 01:06:47]} {[%emt 00:00:42]} Ke7 {[%clk 00:21:35]}
{[%emt 00:00:10]} 51. g5 {[%clk 01:06:50]} {[%emt 00:00:27]} Kf7 {[%clk
00:21:56]} {[%emt 00:00:09]} 52. g6+ {[%clk 01:03:41]} {[%emt 00:03:40]} 1-0

[Event "Championnat de Belgique \"Experts\" 2018"]
[Site "Roux, Belgium"]
[Date "2018.08.03"]
[Round "8.5"]
[White "Bomans, Arno"]
[Black "Docx, Stefan"]
[Result "1-0"]
[WhiteTitle "FM"]
[BlackTitle "IM"]
[WhiteElo "2248"]
[BlackElo "2444"]

1. d4 {[%clk 01:30:57]} {[%emt 00:00:03]} Nf6 {[%clk 01:30:01]} {[%emt
00:00:54]} 2. Bg5 {[%clk 01:31:12]} {[%emt 00:00:19]} d5 {[%clk 01:28:22]}
{[%emt 00:02:09]} 3. Bxf6 {[%clk 01:30:52]} {[%emt 00:00:51]} exf6 {[%clk
01:27:30]} {[%emt 00:01:21]} 4. e3 {[%clk 01:31:00]} {[%emt 00:00:22]} Bd6
{[%clk 01:27:16]} {[%emt 00:00:44]} 5. c4 {[%clk 01:30:20]} {[%emt 00:01:10]}
dxc4 {[%clk 01:26:09]} {[%emt 00:01:36]} 6. Bxc4 {[%clk 01:30:25]} {[%emt
00:00:26]} O-O {[%clk 01:26:33]} {[%emt 00:00:06]} 7. Nc3 {[%clk 01:28:22]}
{[%emt 00:02:33]} f5 {[%clk 01:26:26]} {[%emt 00:00:36]} 8. Nf3 {[%clk
01:27:27]} {[%emt 00:01:25]} Nd7 {[%clk 01:25:52]} {[%emt 00:01:03]} 9. Qc2
{[%clk 01:27:32]} {[%emt 00:00:27]} c6 {[%clk 01:22:04]} {[%emt 00:04:18]} 10.
O-O-O {[%clk 01:20:28]} {[%emt 00:07:34]} Qa5 {[%clk 01:19:13]} {[%emt
00:03:21]} 11. Kb1 {[%clk 01:11:39]} {[%emt 00:09:19]} Nf6 {[%clk 01:18:39]}
{[%emt 00:01:05]} 12. Bd3 {[%clk 01:08:22]} {[%emt 00:11:07]} b5 {[%clk
01:09:02]} {[%emt 00:02:47]} 13. Nd2 {[%clk 01:05:22]} {[%emt 00:03:30]} g6
{[%clk 01:07:59]} {[%emt 00:01:32]} 14. h3 {[%clk 00:55:31]} {[%emt 00:10:21]}
Be6 {[%clk 01:06:20]} {[%emt 00:02:10]} 15. Nb3 {[%clk 00:50:55]} {[%emt
00:05:07]} Qb6 {[%clk 00:51:29]} {[%emt 00:15:21]} 16. g4 {[%clk 00:49:20]}
{[%emt 00:02:04]} f4 {[%clk 00:50:32]} {[%emt 00:01:26]} 17. g5 {[%clk
00:23:59]} {[%emt 00:25:52]} Nd5 {[%clk 00:49:38]} {[%emt 00:01:24]} 18. Nxd5
{[%clk 00:23:59]} {[%emt 00:00:31]} Bxd5 {[%clk 00:44:55]} {[%emt 00:05:13]} 19.
h4 {[%clk 00:23:35]} {[%emt 00:00:55]} Rae8 {[%clk 00:42:10]} {[%emt 00:03:14]}
20. h5 {[%clk 00:17:21]} {[%emt 00:06:44]} Kg7 {[%clk 00:41:03]} {[%emt
00:01:37]} 21. hxg6 {[%clk 00:17:10]} {[%emt 00:00:41]} hxg6 {[%clk 00:32:57]}
{[%emt 00:08:36]} 22. Rh6 {[%clk 00:17:32]} {[%emt 00:00:09]} Re6 {[%clk
00:32:56]} {[%emt 00:00:30]} 23. Nc5 {[%clk 00:14:54]} {[%emt 00:03:08]} Bxc5
{[%clk 00:32:10]} {[%emt 00:01:15]} 24. dxc5 {[%clk 00:15:23]} {[%emt
00:00:02]} Qa5 {[%clk 00:32:12]} {[%emt 00:00:27]} 25. b3 {[%clk 00:15:47]}
{[%emt 00:00:06]} Rfe8 {[%clk 00:30:47]} {[%emt 00:01:55]} 26. Qb2+ {[%clk
00:13:02]} {[%emt 00:03:16]} Kf8 {[%clk 00:30:23]} {[%emt 00:00:53]} 27. e4
{[%clk 00:12:51]} {[%emt 00:00:41]} Rxe4 {[%clk 00:20:47]} {[%emt 00:10:06]} 28.
Qf6 {[%clk 00:10:03]} {[%emt 00:03:18]} 1-0

[ePGN "0.1;DGT LiveChess/2.1"]

[Event "Championnat de Belgique \"Experts\" 2018"]
[Site "Roux, Belgium"]
[Date "2018.08.04"]
[Round "9.1"]
[White "Docx, Stefan"]
[Black "Hovhannisyan, Mher"]
[Result "0-1"]
[WhiteTitle "IM"]
[BlackTitle "IM"]
[WhiteElo "2444"]
[BlackElo "2456"]

1. d4 {[%clk 01:30:55]} {[%emt 00:00:03]} d5 {[%clk 01:30:54]} {[%emt
00:00:07]} 2. c4 {[%emt 00:00:05]} e6 {[%emt 00:00:06]} 3. Nf3 {[%clk
01:30:54]} {[%emt 00:00:49]} Nf6 {[%clk 01:31:30]} {[%emt 00:00:24]} 4. Nc3
{[%clk 01:30:31]} {[%emt 00:00:53]} c5 {[%clk 01:28:23]} {[%emt 00:03:38]} 5.
cxd5 {[%clk 01:29:47]} {[%emt 00:01:13]} Nxd5 {[%clk 01:28:37]} {[%emt
00:00:17]} 6. e3 {[%clk 01:27:09]} {[%emt 00:03:08]} Nc6 {[%clk 01:26:37]}
{[%emt 00:02:31]} 7. Bc4 {[%clk 01:27:12]} {[%emt 00:00:26]} cxd4 {[%clk
01:26:20]} {[%emt 00:00:48]} 8. exd4 {[%clk 01:27:28]} {[%emt 00:00:12]} Bb4
{[%clk 01:26:17]} {[%emt 00:00:35]} 9. Qd3 {[%clk 01:24:10]} {[%emt 00:03:47]}
O-O {[%clk 01:25:50]} {[%emt 00:00:57]} 10. O-O {[%clk 01:23:35]} {[%emt
00:01:05]} Be7 {[%clk 01:24:56]} {[%emt 00:01:24]} 11. Rd1 {[%clk 01:22:32]}
{[%emt 00:01:33]} Na5 {[%clk 01:20:18]} {[%emt 00:05:08]} 12. Bb5 {[%clk
01:22:27]} {[%emt 00:00:34]} a6 {[%clk 01:07:45]} {[%emt 00:13:04]} 13. Ba4
{[%clk 01:22:23]} {[%emt 00:00:34]} b5 {[%clk 01:00:48]} {[%emt 00:07:27]} 14.
Bc2 {[%clk 01:20:06]} {[%emt 00:02:47]} g6 {[%clk 01:01:12]} {[%emt 00:00:07]}
15. Bh6 {[%clk 01:19:52]} {[%emt 00:00:43]} Re8 {[%clk 01:00:21]} {[%emt
00:01:22]} 16. Ne5 {[%clk 01:17:46]} {[%emt 00:02:36]} Bb7 {[%clk 00:58:40]}
{[%emt 00:02:11]} 17. Qe2 {[%clk 00:58:37]} {[%emt 00:19:39]} Nxc3 {[%clk
00:52:06]} {[%emt 00:07:05]} 18. bxc3 {[%clk 00:58:23]} {[%emt 00:00:44]} Bg5
{[%clk 00:43:53]} {[%emt 00:08:43]} 19. Bxg5 {[%clk 00:58:12]} {[%emt
00:00:41]} Qxg5 {[%clk 00:44:20]} {[%emt 00:00:03]} 20. Be4 {[%clk 00:58:33]}
{[%emt 00:00:09]} Bxe4 {[%clk 00:42:24]} {[%emt 00:02:26]} 21. Qxe4 {[%clk
00:58:46]} {[%emt 00:00:17]} Rac8 {[%clk 00:42:31]} {[%emt 00:00:24]} 22. Rd3
{[%clk 00:38:46]} {[%emt 00:20:29]} Nc4 {[%clk 00:40:30]} {[%emt 00:02:31]} 23.
f4 {[%clk 00:38:26]} {[%emt 00:00:51]} Qf5 {[%clk 00:39:17]} {[%emt 00:01:43]}
24. Qxf5 {[%clk 00:38:39]} {[%emt 00:00:17]} exf5 {[%clk 00:38:04]} {[%emt
00:01:43]} 25. Rb1 {[%clk 00:25:14]} {[%emt 00:13:56]} f6 {[%clk 00:36:38]}
{[%emt 00:01:56]} 26. Nxc4 {[%clk 00:24:44]} {[%emt 00:00:59]} Rxc4 {[%clk
00:36:55]} {[%emt 00:00:13]} 27. Rb4 {[%clk 00:24:55]} {[%emt 00:00:19]} Kf7
{[%clk 00:21:39]} {[%emt 00:15:45]} 28. Kf2 {[%clk 00:17:16]} {[%emt 00:08:09]}
Rec8 {[%clk 00:17:10]} {[%emt 00:05:00]} 29. Rb3 {[%clk 00:04:29]} {[%emt
00:13:17]} Ke6 {[%clk 00:16:50]} {[%emt 00:00:49]} 30. Ke3 {[%clk 00:04:09]}
{[%emt 00:00:50]} Kd5 {[%clk 00:17:12]} {[%emt 00:00:09]} 31. Kd2 {[%clk
00:04:29]} {[%emt 00:00:10]} Ra4 {[%clk 00:12:04]} {[%emt 00:05:37]} 32. a3
{[%clk 00:04:51]} {[%emt 00:00:09]} Re8 {[%clk 00:08:52]} {[%emt 00:03:42]} 33.
Re3 {[%clk 00:05:03]} {[%emt 00:00:18]} Re4 {[%clk 00:08:25]} {[%emt 00:00:57]}
34. g3 {[%clk 00:05:28]} {[%emt 00:00:05]} Rc4 {[%clk 00:05:15]} {[%emt
00:03:40]} 35. Rb4 {[%clk 00:05:30]} {[%emt 00:00:29]} Rc7 {[%clk 00:01:37]}
{[%emt 00:04:07]} 36. a4 {[%clk 00:05:47]} {[%emt 00:00:13]} Rxe3 {[%clk
00:01:46]} {[%emt 00:00:21]} 37. Kxe3 {[%clk 00:05:54]} {[%emt 00:00:24]} Rxc3+
{[%clk 00:02:12]} {[%emt 00:00:04]} 0-1